STN 35 4701-2: 2011 [neplatná], Nízkonapäťové poistky Časť 2 Doplnkové požiadavky na poistky používané kvalifikovanou obsluhou (poistky prevažne na priemyselné použitie). Príklady normalizovaných systémov A až I
Táto norma obsahuje HD 60269-2: 2010 v slovenskom jazyku
| Other Authors: | , |
|---|---|
| Format: | Book |
| Language: | Slovak English |
| PhysicalDescription: | 176 strán obrázky, tabuľky 30 cm |
| Published: |
Bratislava
Slovenský ústav technickej normalizácie
2011
|
| Subjects: |
MARC
| LEADER | 00000nam a2200000 a 4500 | ||
|---|---|---|---|
| 001 | vtls010282274 | ||
| 003 | SK-MaSNL | ||
| 005 | 20260302011756.0 | ||
| 008 | 160628s2011 xo a f nu 000 0 slo | ||
| 015 | |a SNBN2013 | ||
| 020 | |c (cen. skup. 20) | ||
| 040 | |a SNK |b slo |c SNK |e AACR2 | ||
| 041 | 1 | |a slo |h eng | |
| 044 | |a xo |c SK | ||
| 046 | |a m |m 201106 (účin.) |n 20160815 (zruš.) | ||
| 072 | 7 | |a 621.3 |x Eletrotechnika |2 konspekt | |
| 080 | |a 621.316.923 |2 2001 | ||
| 080 | |a 006.7/.8 |2 2001 | ||
| 080 | |a (437.6) |2 2001 | ||
| 080 | |a (4) |2 2001 | ||
| 084 | |a 29.120.50 |2 ICS | ||
| 245 | 0 | 0 | |a STN 35 4701-2: 2011 [neplatná], Nízkonapäťové poistky |n Časť 2 |p Doplnkové požiadavky na poistky používané kvalifikovanou obsluhou (poistky prevažne na priemyselné použitie). Príklady normalizovaných systémov A až I |
| 246 | 1 | 0 | |a Nízkonapäťové poistky. Časť 2 |
| 246 | 1 | 0 | |a Doplnkové požiadavky na poistky používané kvalifikovanou obsluhou (poistky prevažne na priemyselné použitie) |
| 246 | 1 | 0 | |a Príklady normalizovaných systémov A až I |
| 260 | |a Bratislava |b Slovenský ústav technickej normalizácie |c 2011 | ||
| 300 | |a 176 strán |b obrázky, tabuľky |c 30 cm | ||
| 500 | |a Súbežný názov v angličtine, francúzštine, nemčine | ||
| 500 | |a Táto norma nahrádza STN 35 4701-2 z apríla 2008 | ||
| 500 | |a Spracovateľ: Infoservis Krompachy, Gabriela Čatlošová, Marcel Čatloš | ||
| 500 | |a Norma je nahradená normou STN 35 4701-2 zo septembra 2014 a môže sa súbežne s touto normou používať do 15.8.2016 | ||
| 504 | |a Citované normy, súvisiace právne predpisy na strane 2 a bibliografia na strane 174 | ||
| 520 | 8 | |a Táto norma obsahuje HD 60269-2: 2010 v slovenskom jazyku | |
| 540 | |a STN vydané na akomkoľvek nosiči sa môžu rozmnožovať a rozširovať iba so súhlasom určenej právnickej osoby |b SÚTN Bratislava |c zákon 264/1999 Z.z. | ||
| 650 | 0 | 7 | |a elektrotechnika |2 SVKBBPH |9 3619 |
| 650 | 0 | 7 | |a poistky |2 SVKBBPH |9 346910 |
| 650 | 0 | 7 | |a technické normy a štandardy |z Slovensko |2 SVKBBPH |9 79594 |
| 650 | 0 | 7 | |a technické normy a štandardy |z krajiny Európskej únie |2 SVKBBPH |9 289341 |
| 655 | 7 | |a normy |2 SVKBBPH |9 70643 | |
| 700 | 1 | |a Čatlošová, Gabriela |4 trl |9 297358 | |
| 700 | 1 | |a Čatloš, Marcel |4 trl |9 291773 | |
| 710 | 2 | |a INFOSERVIS (Krompachy, Slovensko) |4 stn |9 297359 | |
| 710 | 2 | |a Slovenský ústav technickej normalizácie (Bratislava, Slovensko). |b Technická komisia č. 82 Elektrické prístroje a rozvádzače |4 stn |9 311844 | |
| 774 | 1 | 8 | |t STN 35 4701-2: 2008 |d Bratislava: Slovenský ústav technickej normalizácie, 2008 |w vtls009827086 |
| 774 | 1 | 8 | |t STN 35 4701-2: 2014 |d Bratislava: Úrad pre normalizáciu, metrológiu a skúšobníctvo SR, 2014 |w vtls010618154 |
| 852 | |a Štátna vedecká knižnica v Banskej Bystrici | ||
| 958 | |a OP | ||
| 958 | |a NB | ||
| 999 | |c 1007369 |d 1009299 | ||
| 952 | |a SNK |b SNK |y PREZ |7 0 |p 17A0705554 |o snkSTN 35 4701-2 D1 |i snk2011/14423 |8 0 |0 0 |1 0 |4 0 |d 2011-06-24 |l 0 |r 2026-02-24 12:40:30 |w 2026-02-24 | ||
| 952 | |a SNK |b SNK |y PREZ |7 0 |p 17A0705555 |o snkSTN 35 4701-2 |i snk2011/14422 |8 0 |0 0 |1 0 |4 0 |d 2011-06-24 |l 0 |r 2026-02-24 12:40:30 |w 2026-02-24 | ||


